Statistiques concernant Cinq pays les moins peuplés par continent

Cliquez ici pour prendre le quiz!

Statistiques générales

  • Ce quiz a été pris 2,469 fois
  • Le résultat moyen est 21 sur 30

Statistiques - réponses

Continent Population Pays % Correct
Europe799Vatican
96%
Europe39 100Monaco
93%
Europe77 100Andorre
93%
Europe33 700Saint-Marin
91%
Europe38 400Liechtenstein
89%
Amérique du Sud787 000Guyana
81%
Amérique du Sud573 000Suriname
81%
Amérique du Sud3 480 000Uruguay
80%
Amérique du Sud6 980 000Paraguay
78%
Amérique du Sud11 400 000Bolivie
71%
Afrique560 000Cap-Vert
71%
Afrique95 700Seychelles
68%
Afrique213 000Sao Tomé-et-Principe
67%
Océanie11 300Nauru
66%
Océanie11 400Tuvalu
66%
Afrique851 000Comores
65%
Amérique du Nord56 300Saint-Christophe- et-Niévès
65%
Amérique du Nord110 000Saint-Vincent-et-les- Grenadines
64%
Océanie110 000Tonga
64%
Asie439 000Brunei
63%
Océanie22 200Palaos
62%
Océanie53 200Îles Marshall
59%
Asie826 000Bhoutan
59%
Amérique du Nord108 000Grenade
58%
Amérique du Nord74 700Dominique
58%
Asie1 350 000Timor oriental
56%
Amérique du Nord104 000Antigua-et-Barbuda
55%
Asie452 000Maldives
54%
Afrique986 000Djibouti
53%
Asie1 200 000Chypre
35%

Distribution des résultats

Percentile par nombre de réponses

% des personnes avec chaque résultat

Votre développement - résultats

Vous n’avez pas pris ce quiz